| 000 | 00889nam a2200241 i 4500 | ||
|---|---|---|---|
| 001 | 130829 | ||
| 003 | ES-MaACL | ||
| 005 | 20250814064959.0 | ||
| 007 | t| | ||
| 008 | 070809s1971 sp ||||1| spa d | ||
| 100 | 1 |
_aZelinsky, Wilbur. _9118162 |
|
| 245 | 1 | 0 |
_aIntroducción a la geografía de la población / _cWilbur Zelinsky ; traducción de Antonio Casahuga ; prólogo de J. Vilá Valentí. |
| 250 | _a[1ª ed.]. | ||
| 260 |
_a[Barcelona] : _bVicens-Vives, _c[1971] |
||
| 300 |
_aXII, 188 p. : _bil. ; _c20 cm. |
||
| 490 | 1 |
_aBiblioteca básica de geografía económica ; _v1 |
|
| 650 | 7 |
_aGeografía de la población _2embne _913076 |
|
| 700 | 1 |
_aCasahuga Vinardell, Antonio. _936034 |
|
| 700 | 1 |
_aVilá Valentí, Juan. _9114743 |
|
| 830 | 0 |
_aBiblioteca básica de geografía económica ; _v1 _9186987 |
|
| 852 |
_aES-MaACL _jC-56381 _bR.89142 |
||
| 999 |
_c130829 _d130829 |
||